| 000 | 00430nam a2200121Ia 4500 | ||
|---|---|---|---|
| 008 | 220616s9999||||xx |||||||||||||| ||und|| | ||
| 100 | _aKatharine Hodgson||Joanne Shelton||Alexandra Smith | ||
| 245 | 0 | _aTwentieth-Century Russian Poetry : Reinventing the Canon | |
| 546 | _aEnglish[eng] | ||
| 650 | _atwentieth-century||literary canon||Soviet Union||poetry||Russia | ||
| 856 | _uhttp://books.openedition.org/obp/4035 | ||
| 942 | _cEB | ||
| 999 |
_c20640 _d20640 |
||